| 000 | 00763cab a22002055a 4500 | ||
|---|---|---|---|
| 001 | L153787 | ||
| 008 | 110831e20110827xxk 000 0 eng d | ||
| 035 | _a(Sirsi) u153787 | ||
| 041 | 0 | _aeng | |
| 100 | 1 | _aMorrison, Adrian | |
| 245 | 0 | 0 |
_aFocus _bScotland |
| 260 | _c2011 | ||
| 490 |
_aEstates Gazette _v(1134) 27 August 2011, 49-61(10) |
||
| 520 | _aIncludes the thoughts of the property industry on the new Scottish National Party administration. Also information about Tax Increment Financing which is being introduced to Scotland to assist development and an analysis of Scottish retail. | ||
| 590 | _aKA | ||
| 651 | 4 |
_aScotland _y1999- |
|
| 690 | _aPROPERTY-COMMERCIAL PROPERTY-COMMERCIAL PROPERTY MARKET | ||
| 700 | 1 | _aMeadwell, Stacey | |
| 942 | _n0 | ||
| 999 |
_c83376 _d83376 |
||